00833nam a2200205Ia 4500003000900000008004100009020001800050040001600068080002700084100002100111111008800132245020000220260004800420300001600468490005800484650004100542650001200583650001300595650001900608IN-BaIIA211028s9999 xx 000 0 eng d a0-521-34561-8 cIIA Library a52-77:524.3-355.3bQSO aBlades, J. Chris aQSO Absorption Line Meeting on QSO Absorption LinescBaltimore, USAd1987 May 19-21 0aQSO absorption linesbproceedings of the QSO absorption line meeting on QSO absorption lines, held in Baltimore, USA, May 19-21, 1987cJ. Chris Blades  aCambridgebCambridge University Pressc1988 aviii, 348p. aSpace telescope science institute symposium series; 2 aAstronomy and astrophysics thesaurus aQuasars aRedshift aSpectral lines